000 00446nam a22001817a 4500
003 koha_MIRAKIL
005 20231213095437.0
008 231213b |||||||| |||| 00| 0 ||| d
020 _b9-75494580-2
040 _aTR-IsEVY
_btur
_cTR-IsEVY
082 _a810 KAN/S
100 _aKANSU, CEYHUN ATUF.
245 0 _aSÖYLEVİ OKURKEN.
260 _bBİLGİ YAYINEVİ,
_c1996
300 _a275.
650 _aTürk Edebiyatı.
942 _2ddc
_cBK
999 _c3730
_d3730